| 000 | 00566cab a2200229 4500 | ||
|---|---|---|---|
| 001 | ABS60575 | ||
| 008 | 090401t1999 xxu||||| |||| 00| 0 eng d | ||
| 035 | _a(Sirsi) u93248 | ||
| 041 | _aeng | ||
| 100 | _aBartho, T. | ||
| 245 | _aWhipping our behinds | ||
| 260 | _c1999 | ||
| 350 | _a0 | ||
| 490 |
_aBuilding _v264(8085) 30 April 1999, 59(1) |
||
| 650 | _aCONSTRUCTION PROJECTS | ||
| 650 | _aDEADLINES | ||
| 650 | _aNATIONAL ECONOMIC DEVELOPMENT OFFICE | ||
| 650 | _aTIMING | ||
| 690 |
_aProject management _96261 |
||
| 942 | _n0 | ||
| 948 | _c11/05/1999 | ||
| 999 |
_c59102 _d59102 |
||